Villes les plus peuplées de la Savoie (73) - Statistiques

Statistiques générales
  • Ce quiz a été pris 631 fois
    544 depuis la dernière actualisation
  • Le résultat moyen est 8 sur 18
Statistiques - réponses
Population Ville % Correct
58 919 Chambéry
100%
18 899 Albertville
91%
29 794 Aix-les-Bains
88%
7 746 Saint-Jean-de-Maurienne
71%
11 826 La Motte-Servolex
54%
4 123 Montmélian
54%
7 302 Bourg-Saint-Maurice
53%
5 590 Challes-les-Eaux
42%
8 457 La Ravoire
42%
4 866 Le Bourget-du-Lac
39%
7 039 Ugine
39%
6 204 Cognin
35%
4 717 Barberaz
27%
4 466 Bassens
27%
6 007 Saint-Alban-Leysse
24%
4 545 Grésy-sur-Aix
23%
4 443 Aime-la-Plagne
9%
6 268 Entrelacs
9%
Aucun quiz correspondant
Distribution des résultats
% des personnes avec chaque résultat
Percentile par nombre de réponses
Votre historique - résultats
Vous n’avez pas pris ce quiz depuis la dernière actualisation